| 000 | 00538cam a22002171 4500 | ||
|---|---|---|---|
| 001 | sa 63003989 | ||
| 003 | DLC | ||
| 005 | 20260227111946.0 | ||
| 008 | 900201s1961 ii 000 0 kano | ||
| 010 | _asa 63003989 | ||
| 035 | _a(OCoLC)20986114 | ||
| 040 |
_aDLC _cWaU _dDLC |
||
| 042 | _apremarc | ||
| 050 | 0 | 0 |
_aPK1718.T24 _bZ72 |
| 100 | 1 | _aKulkarni, L. R. | |
| 245 | 1 | 0 | _aKavi Tāgōrara jīvana darśana. |
| 260 | _c[1961] | ||
| 300 |
_a72 p. _c19 cm. |
||
| 500 | _aIn Kannada. | ||
| 600 | 1 | 0 |
_aTagore, Rabindranath, _d1861-1941. |
| 999 |
_c55415 _d55415 |
||